000 00285nam a2200109Ia 4500
008 200302s9999 xx 000 0 und d
100 _aDr. I.C. Syal & Dr.A.K. Goel
245 _aReinforced Concrete Structures
260 _bS. Chand& Company Pvt. Ltd.
260 _c2014
300 _a807 P
999 _c4224
_d4224